000 00920nam a2200277 4500
003 OSt
005 20240702020346.0
006 a
008 240702b |||||||| |||| 00| 0 eng d
020 _a9781598846416
040 _aDWCL-Main lib.
_cOC
082 _aRes. 027.8223 T577i 2011
100 _aTilke, Anthony
245 _aThe International baccalaureate diploma program and the school library /
260 _aCalifornia :
_bLibraries Unlimited,
_cc2011.
300 _b139 p. ;
_c25 cm.
504 _aIncludes bibliographical references & index.
650 _a1. School libraries.
650 _a2. International baccalaureate.
650 _a3. School librarian participation in curriculum planning.
650 _a4. Inquiry-based learning.
650 _a5. International education.
650 _a6. Internationalism.
650 _a7. Education and globalization.
942 _2ddc
_n0
_cBK-0 CIRC
_kRes.
999 _c1760
_d1760